|
|
|
|
| LEADER |
01190nam a2200277 i 4500 |
| 001 |
c000001253 |
| 003 |
CARM |
| 005 |
00000000000000.0 |
| 008 |
811112s1975 at s00000 eng d |
| 019 |
1 |
|
|a 2567024
|5 LACONCORD2021
|
| 035 |
|
|
|a (OCoLC)220281531
|5 LACONCORD2021
|
| 042 |
|
|
|a anuc
|
| 043 |
|
|
|a u-at-tm
|
| 110 |
1 |
0 |
|a Tasmania.
|b Southern Metropolitan Master Planning Authority.
|
| 245 |
1 |
4 |
|a The regional planning implications of alternative locations for a second bridge crossing of the Derwent River and effects on preliminary growth strategy options /
|c Southern Metropolitan Master Planning Authority.
|
| 260 |
|
|
|a Hobart :
|b The Authority,
|c 1975.
|
| 300 |
|
|
|a 75 leaves ;
|c 30 cm.
|
| 440 |
|
0 |
|a Hobart metropolitan area strategy plan: report ;
|v 1
|
| 500 |
|
|
|a "Draft only".
|
| 650 |
|
0 |
|a City planning
|z Tasmania.
|
| 650 |
|
0 |
|a City planning
|z Tasmania
|z Hobart.
|
| 651 |
|
0 |
|a Bridges
|z Tasmania
|z Hobart.
|
| 852 |
8 |
|
|b CARM
|h A3:AB05E0
|i D00705
|p 0043914
|f BK
|
| 082 |
0 |
4 |
|a 711.7/099461
|2 19
|
| 999 |
f |
f |
|i 2bb5597d-73e3-5ade-a71d-3e1c0c91094f
|s 13501c81-d4b4-59eb-98f3-7a887a1de307
|
| 952 |
f |
f |
|p Can circulate
|a CAVAL
|b CAVAL
|c CAVAL
|d CARM 1 Store
|e D00705
|f A3:AB05E0
|h Other scheme
|i book
|m 0043914
|